National ecotourism and wildlife tourism : (Record no. 356661)
[ view plain ]
| 000 -LEADER | |
|---|---|
| fixed length control field | 00606nam a2200229Ia 4500 |
| 008 - FIXED-LENGTH DATA ELEMENTS--GENERAL INFORMATION | |
| fixed length control field | 180523s9999 xx 000 0 und d |
| 020 ## - INTERNATIONAL STANDARD BOOK NUMBER | |
| International Standard Book Number | 81-7391-667-5 |
| 050 ## - LIBRARY OF CONGRESS CALL NUMBER | |
| Classification number | MAIN G 155.I4 |
| 050 ## - LIBRARY OF CONGRESS CALL NUMBER | |
| Item number | .S56 2004 |
| 100 ## - MAIN ENTRY--PERSONAL NAME | |
| Personal name | Singh, Ratandeep. |
| 245 #0 - TITLE STATEMENT | |
| Title | National ecotourism and wildlife tourism : |
| 245 #0 - TITLE STATEMENT | |
| Remainder of title | policies & guidelines / |
| 245 #0 - TITLE STATEMENT | |
| Statement of responsibility, etc | Ratandeep Singh. |
| 260 ## - PUBLICATION, DISTRIBUTION, ETC. (IMPRINT) | |
| Place of publication, distribution, etc | New Delhi : |
| 260 ## - PUBLICATION, DISTRIBUTION, ETC. (IMPRINT) | |
| Name of publisher, distributor, etc | Kanikasha, |
| 260 ## - PUBLICATION, DISTRIBUTION, ETC. (IMPRINT) | |
| Date of publication, distribution, etc | 2004 |
| 300 ## - PHYSICAL DESCRIPTION | |
| Extent | 312 pages : |
| 300 ## - PHYSICAL DESCRIPTION | |
| Dimensions | 22 cm. |
| 500 ## - GENERAL NOTE | |
| General note | Includes index. |
| 650 ## - SUBJECT ADDED ENTRY--TOPICAL TERM | |
| Topical term or geographic name as entry element | Ecotourism -- India. |
| 650 ## - SUBJECT ADDED ENTRY--TOPICAL TERM | |
| General subdivision | Wildlife conservation -- India. |
| Withdrawn status | Lost status | Damaged status | Home library | Current library | Shelving location | Date acquired | Cost, normal purchase price | Total Checkouts | Full call number | Barcode | Date last seen | Price effective from | Koha item type |
|---|---|---|---|---|---|---|---|---|---|---|---|---|---|
| South Mansfield College | South Mansfield College | 11/12/2009 | 425.00 | MAIN G 155.I4 .S56 2004 | SMC05208 | 05/23/2018 | 05/23/2018 |